Peanuts : (Record no. 652)
[ view plain ]
| 000 -LEADER | |
|---|---|
| fixed length control field | 01400cam a2200397 a 4500 |
| 005 - DATE AND TIME OF LATEST TRANSACTION | |
| control field | 20260322212028.0 |
| 008 - FIXED-LENGTH DATA ELEMENTS--GENERAL INFORMATION | |
| fixed length control field | data |
| 010 ## - LIBRARY OF CONGRESS CONTROL NUMBER | |
| LC control number | 2016297059 |
| 020 ## - INTERNATIONAL STANDARD BOOK NUMBER | |
| International Standard Book Number | 9780804179515 (pbk.) |
| 020 ## - INTERNATIONAL STANDARD BOOK NUMBER | |
| International Standard Book Number | 0804179514 (pbk.) |
| 040 ## - CATALOGING SOURCE | |
| Original cataloging agency | JRG |
| Language of cataloging | eng |
| Transcribing agency | JRG |
| Modifying agency | DLC |
| -- | YDXCP |
| -- | BTCTA |
| -- | BDX |
| -- | OCLCQ |
| -- | DLC |
| 042 ## - AUTHENTICATION CODE | |
| Authentication code | lccopycat |
| 050 00 - LIBRARY OF CONGRESS CALL NUMBER | |
| Classification number | PN6728.P4 |
| Item number | S32557 2015 |
| 082 00 - DEWEY DECIMAL CLASSIFICATION NUMBER | |
| Classification number | 741.5/6973 |
| Edition information | 23 |
| 099 ## - LOCAL FREE-TEXT CALL NUMBER (OCLC) | |
| Classification number | SCHULC |
| 001 - CONTROL NUMBER | |
| control field | data |
| 100 1# - MAIN ENTRY--PERSONAL NAME | |
| Personal name | Schulz, Charles M. |
| Dates associated with a name | 1922-2000, |
| Fuller form of name | (Charles Monroe), |
| Relator term | author. |
| -- | author. |
| 240 10 - UNIFORM TITLE | |
| Uniform title | Peanuts. |
| Form subheading | Selections |
| 245 10 - TITLE STATEMENT | |
| Title | Peanuts : |
| Remainder of title | friends forever / |
| Statement of responsibility, etc. | Charles M. Schulz. |
| 246 30 - VARYING FORM OF TITLE | |
| Title proper/short title | Friends forever |
| 260 ## - PUBLICATION, DISTRIBUTION, ETC. | |
| Place of publication, distribution, etc. | New York. : |
| Name of publisher, distributor, etc. | Ballantine Books, |
| Date of publication, distribution, etc. | 2015. |
| 300 ## - PHYSICAL DESCRIPTION | |
| Extent | 150 pages : |
| Other physical details | color illustrations ; |
| Dimensions | 23 cm |
| 336 ## - CONTENT TYPE | |
| Content type term | text |
| Content type code | txt |
| Source | rdacontent |
| 336 ## - CONTENT TYPE | |
| Content type term | still image |
| Source | rdacontent |
| 337 ## - MEDIA TYPE | |
| Media type term | unmediated |
| Media type code | n |
| Source | rdamedia |
| 338 ## - CARRIER TYPE | |
| Carrier type term | volume |
| Carrier type code | nc |
| Source | rdacarrier |
| 650 #0 - SUBJECT ADDED ENTRY--TOPICAL TERM | |
| Topical term or geographic name entry element | Friendship |
| Form subdivision | Comic books, strips, etc. |
| 650 #0 - SUBJECT ADDED ENTRY--TOPICAL TERM | |
| Topical term or geographic name entry element | American wit and humor |
| Form subdivision | Pictorial works. |
| 650 #7 - SUBJECT ADDED ENTRY--TOPICAL TERM | |
| Topical term or geographic name entry element | American wit and humor. |
| Source of heading or term | fast |
| Authority record control number or standard number | (OCoLC)fst00807457 |
| 650 #7 - SUBJECT ADDED ENTRY--TOPICAL TERM | |
| Topical term or geographic name entry element | Comic books, strips, etc. |
| Source of heading or term | fast |
| Authority record control number or standard number | (OCoLC)fst00869145 |
| 650 #7 - SUBJECT ADDED ENTRY--TOPICAL TERM | |
| Topical term or geographic name entry element | Friendship. |
| Source of heading or term | fast |
| Authority record control number or standard number | (OCoLC)fst00935174 |
| 655 #7 - INDEX TERM--GENRE/FORM | |
| Genre/form data or focus term | Caricatures and cartoons. |
| Source of term | fast |
| Authority record control number or standard number | (OCoLC)fst01423691 |
| 655 #7 - INDEX TERM--GENRE/FORM | |
| Genre/form data or focus term | Pictorial works. |
| Source of term | fast |
| Authority record control number or standard number | (OCoLC)fst01423874 |
| 655 #7 - INDEX TERM--GENRE/FORM | |
| Genre/form data or focus term | Comic books, strips, etc. |
| Source of term | gsafd |
| 655 #7 - INDEX TERM--GENRE/FORM | |
| Genre/form data or focus term | Graphic novels. |
| Source of term | lcgft |
| Withdrawn status | Lost status | Damaged status | Not for loan | Home library | Current library | Shelving location | Date acquired | Total checkouts | Full call number | Barcode | Date last seen | Price effective from | Koha item type |
|---|---|---|---|---|---|---|---|---|---|---|---|---|---|
| Centerville | Centerville | General stacks | 22/03/2026 | 741.5/6973 23 | BC0010669 | 22/03/2026 | 22/03/2026 | Books |